Statistics for Apocalyptic Anagrams: U.S. Cities

Click here to take the quiz!

General Stats

  • This quiz has been taken 16 times
  • The average score is 8 of 21

Answer Stats

New NameOld Name% Correct
Worn KeyNew York
87%
Gas ValesLas Vegas
80%
No PeaksSpokane
73%
Rot TideDetroit
67%
Stolen ArchCharleston
53%
Satanic SkyKansas City
53%
Toxin GlenLexington
47%
Dingo SeaSan Diego
47%
Talon RingArlington
40%
Javelin LocksJacksonville
40%
Calamity HookOklahoma City
40%
Boar TongueBaton Rouge
27%
Oilman PinesMinneapolis
27%
Elves' AnvilEvansville
20%
Vishnu TellHuntsville
20%
Crane's MoatSacramento
20%
Freya TownFort Wayne
13%
Enron SwaleNew Orleans
13%
Fishtail ClawWichita Falls
13%
Dot's CastleScottsdale
7%
Townsman IsleWinston-Salem
7%

Score Distribution

Percentile by Number Answered

Percent of People with Each Score

Your Score History

You have not taken this quiz